Pays avec le plus de pertes durant la Seconde Guerre Mondiale - Statistiques

Statistiques générales
  • Ce quiz a été pris 204 fois
  • Le résultat moyen est 9 sur 15
Statistiques - réponses
Nombre de morts Pays % Correct
6 630 000 à 8 680 000 Allemagne
100%
567 600 France
99%
2 620 000 à 3 120 000 Japon
92%
5 620 000 à 5 820 000 Pologne
90%
454 600 Italie
89%
10 000 000 à 20 000 000 Chine
85%
22 300 000 à 27 460 000 Union Sovietique
85%
580 000 Hongrie
52%
1 587 000 à 2 587 000 Inde
51%
1 027 000 Yougoslavie
46%
378 000 à 483 000 Corée
42%
800 000 Roumanie
42%
1 000 000 à 1 500 000 Indochine Francaise
36%
3 000 000 à 4 000 000 Indes orientales néerlandaises
29%
557 000 à 1 057 000 Phillipines
6%
Aucun quiz correspondant
Distribution des résultats
% des personnes avec chaque résultat
Percentile par nombre de réponses
Votre historique - résultats
Vous n’avez pas pris ce quiz